<?xml version="1.0" encoding="UTF-8"?>
<collection xmlns="http://www.loc.gov/MARC21/slim">
<record>
  <controlfield tag="001">3931</controlfield>
  <controlfield tag="005">20190128105600.0</controlfield>
  <datafield tag="037" ind1=" " ind2=" ">
    <subfield code="a">OUTRART-2019-0016</subfield>
  </datafield>
  <datafield tag="100" ind1=" " ind2=" ">
    <subfield code="a">Defraigne, Pascale</subfield>
  </datafield>
  <datafield tag="245" ind1=" " ind2=" ">
    <subfield code="a">De atomaire seconde: tijd voor een jubileum</subfield>
  </datafield>
  <datafield tag="260" ind1=" " ind2=" ">
    <subfield code="c">2018</subfield>
  </datafield>
  <datafield tag="520" ind1=" " ind2=" ">
    <subfield code="a">Op 13 oktober 1967 definieerde de Algemene Conferentie voor Maten en Gewichten de seconde op basis van een welbepaalde overgang van het cesium-133-atoom. Het is dus 50 jaar geleden dat de seconde niet meer bepaald wordt op basis van de sterren, maar gemeten wordt met behulp van atoomklokken. Dit is een internationale inspanning waaraan de Koninklijke Sterrenwacht van België (KSB) sinds haar oprichting heeft deelgenomen.</subfield>
  </datafield>
  <datafield tag="594" ind1=" " ind2=" ">
    <subfield code="a">NO</subfield>
  </datafield>
  <datafield tag="700" ind1=" " ind2=" ">
    <subfield code="a">Verhasselt, Katrijn</subfield>
  </datafield>
  <datafield tag="700" ind1=" " ind2=" ">
    <subfield code="a">Bertrand, Bruno</subfield>
  </datafield>
  <datafield tag="773" ind1=" " ind2=" ">
    <subfield code="p">Science Connection</subfield>
    <subfield code="v">56</subfield>
    <subfield code="y">2018</subfield>
    <subfield code="c">6-9</subfield>
  </datafield>
  <datafield tag="856" ind1="0" ind2=" ">
    <subfield code="f">bruno.bertrand@observatoire.be</subfield>
  </datafield>
  <datafield tag="856" ind1="4" ind2="2">
    <subfield code="a">https://www.belspo.be/belspo/organisation/Publ/pub_ostc/sciencecon/56sci_nl.pdf</subfield>
  </datafield>
  <datafield tag="980" ind1=" " ind2=" ">
    <subfield code="a">OUTRART</subfield>
  </datafield>
</record>
</collection>